Income distribution policy in developing countries : (Record no. 8958)
[ view plain ]
| 000 -LEADER | |
|---|---|
| fixed length control field | 00914cam a2200289 i 4500 |
| 001 - CONTROL NUMBER | |
| JCCL Control Number | 8958 |
| 003 - CONTROL NUMBER IDENTIFIER | |
| JCCL marc code | BD-JhCC |
| 005 - DATE AND TIME OF LATEST TRANSACTION | |
| control field | 20180306101750.0 |
| 008 - FIXED-LENGTH DATA ELEMENTS--GENERAL INFORMATION | |
| fixed length control field | 780424s1978 caua bs 001 0 eng |
| 020 ## - INTERNATIONAL STANDARD BOOK NUMBER | |
| International Standard Book Number | 0804709254 : |
| Terms of availability | $12.50 |
| 035 ## - SYSTEM CONTROL NUMBER | |
| system control number | (BD-JhCC)8958 |
| 040 ## - CATALOGING SOURCE | |
| Original cataloging agency | DLC |
| Transcribing agency | DLC |
| Modifying agency | DLC |
| 041 ## - LANGUAGE CODE | |
| Language code of Book | eng |
| 050 00 - LIBRARY OF CONGRESS CALL NUMBER | |
| Classification number | HC470.I5 |
| Item number | A33 |
| 082 00 - DEWEY DECIMAL CLASSIFICATION NUMBER | |
| Classification number | 339.2/09519 |
| Author mark and Year | ADE 1978 |
| 100 1# - MAIN ENTRY--PERSONAL NAME | |
| Personal name | Adelman, Irma. |
| 245 10 - TITLE STATEMENT | |
| Title | Income distribution policy in developing countries : |
| Remainder of title | a case study of Korea / |
| Statement of responsibility, etc | Irma Adelman & Sherman Robinson. |
| 260 ## - PUBLICATION, DISTRIBUTION, ETC. (IMPRINT) | |
| Place of publication, distribution, etc | Stanford, Calif. : |
| Name of publisher, distributor, etc | Published for the World Bank [by] Stanford University Press, |
| Date of publication, distribution, etc | 1978. |
| 300 ## - PHYSICAL DESCRIPTION | |
| Pagination | xvii, 346 p. : |
| Other physical details | diagrs. ; |
| Dimensions | 24 cm. |
| 500 ## - GENERAL NOTE | |
| General note | Includes index. |
| 504 ## - BIBLIOGRAPHY, ETC. NOTE | |
| Bibliography, etc | Bibliography: p. 337-341. |
| 650 #0 - SUBJECT ADDED ENTRY--TOPICAL TERM | |
| Topical term or geographic name as entry element | Income distribution |
| Geographic subdivision | Korea. |
| 700 1# - ADDED ENTRY--PERSONAL NAME | |
| Personal name | Robinson, Sherman, |
| 710 2# - ADDED ENTRY--CORPORATE NAME | |
| Corporate name or jurisdiction name as entry element | World Bank. |
| 942 ## - ADDED ENTRY ELEMENTS (KOHA) | |
| Source of classification or shelving scheme | Dewey Decimal Classification |
| Koha item type | Books |
| Source of classification or shelving scheme | Damaged status | Not for loan | Home library | Current library | Shelving location | Date of accession | Total Checkouts | Full call number | Barcode | Date last seen | Copy number | Koha item type |
|---|---|---|---|---|---|---|---|---|---|---|---|---|
| Dewey Decimal Classification | JCC Rouf Library | JCC Rouf Library | General Stacks | 03/06/2018 | 339.2/09519 ADE 1978 | 11246 | 03/06/2018 | C - 1 | Books |